000 00592nam a2200181 u 4500
001 000282929
003 AM-YeHGA
005 20250617163439.0
008 031112s1960 ||||||||||||||||||||rus d
040 _aAM-YeHGA
041 0 _arus
100 1 _aУдачин, Сергей Александрович
245 1 0 _aЗемельный фонд СССР и его использование /
_cС.А. Удачин.
260 _aМосква :
_bСельхозгиз,
_c1960.
300 _a252 с.
650 1 4 _aЭкономика народного хозяйства
090 _c510138
999 _c506715
_d506715